000 00381 a2200157 4500
001 62472
020 _a8532200532
040 _cAnchieta - Pituba
100 _aSouza, Flávio de
240 1 0 _aPríncipes e princesas, sapos e lagartos
_lpor
245 1 0 _aPríncipes e princesas, sapos e lagartos
300 _a76
362 0 _a1996
650 4 _aLiteratura juvenil
942 _cBK
999 _c62472
_d62472